000 01315 a2200289 4500
020 _a0860373177
020 _a0860373177
035 _a(UkLWHE)b000161906
040 _aDLC
_bDLC
082 0 0 _a339.46091
245 0 0 _aIslamic economic institutions and the elimination of poverty
_cedited by Munawar Iqbal.
260 _aLeicester :
_bIslamic Foundation,
_c2002.
300 _axxiii, 310 p. ;
_c21 cm.
500 _aConsidered the second of two volumes containing the proceedings of the Fourth International Conference on Islamic Economics and Banking, held at Loughborough University UK, during August 13-15, 2000. The first volume is entitled Islamic banking and finance.
500 _aIncludes index.
500 _aPublished in association with the Islamic Development Bank and The International Association for Islamic Economics.
650 0 _aBanks and banking
_zIslamic countries.
650 0 _aBanks and banking
_xReligious aspects
_xIslam.
650 0 _aEconomics
_xReligious aspects
_xIslam.
650 0 _aFinance
_xReligious aspects
_xIslam.
650 0 _aPoverty
_xReligious aspects
_xIslam.
700 1 _aIqbal, Munawar.
710 2 _aIslamic Foundation.
710 2 _aIslamic Development Bank.
710 2 _aInternational Association for Islamic Economics.
942 _cBK
_k339.46091 IQB
_2ddc
999 _c7264
_d7264